000 00721nam a2200241 a 4500
008 951213s1984||||[C 0 slo c
020 _c15 Kčs.
_q(2700 výtl.)
040 _aSNK
_bslo
_cSNK
_eAACR2
041 1 _aslo
_hrus
044 _axo
_cSK
080 _a888.3-3
100 1 _aDumber, Leon
_4aut
245 1 0 _aKalendár Artúra Spuru
_cLeon Dumber ; Leon Dumbers, Izabela Kunová, Dušan Leščinský
250 _a1., vyd.
260 _aBratislava
_bSmena
_c1984
_eBratislava
_fPravda
300 _a224 s., 11,85 AH
_c20 cm
490 0 _aRovesník
500 _aIlustr. na tit. liste.
700 1 _aDumbers, Leon
_4aut
700 1 _aKunová, Izabela
_4trl
700 1 _aLeščinský, Dušan
_4bkd
958 _aA
999 _c10488
_d10488